[Event "Andorra op"]
[Site "Erts - La Massana"]
[Date "2013.07.26"]
[Round "7.7"]
[White "Steingrimsson, H."]
[Black "Riff, JN."]
[Result "1/2-1/2"]
[WhiteElo "2557"]
[BlackElo "2427"]
[PlyCount "54"]
[EventDate "2013.??.??"]
[EventType "swiss"]
[EventRounds "9"]

1. d4 e6 2. c4 Bb4+ 3. Nd2 Nf6 4. Ngf3 O-O 5. a3 Be7 6. e4 d6 7. Bd3 e5 8. dxe5
dxe5 9. Nxe5 Re8 10. Qe2 Bc5 11. Nef3 Nc6 12. h3 Bf5 13. O-O Qd6 14. b4 Bd4 15.
c5 Qd7 16. Nxd4 Nxd4 17. Qe3 Rad8 18. Rb1 Bg6 19. g4 h5 20. f3 hxg4 21. hxg4
Nxg4 22. fxg4 Qxg4+ 23. Kf2 Nf5 24. Qf3 Qh4+ 25. Kg2 Qg5+ 26. Kf2 Qh4+ 27. Kg2
Qg5+ 1/2-1/2

[Event "Andorra op"]
[Site "Erts - La Massana"]
[Date "2013.07.26"]
[Round "7.9"]
[White "Lopez Martinez, JM."]
[Black "Trent, L."]
[Result "1-0"]
[WhiteElo "2547"]
[BlackElo "2420"]
[PlyCount "89"]
[EventDate "2013.??.??"]
[EventType "swiss"]
[EventRounds "9"]

1. e4 e5 2. Nf3 Nc6 3. Bb5 g6 4. d4 exd4 5. Bg5 Be7 6. Bxe7 Qxe7 7. Bxc6 dxc6
8. Qxd4 Nf6 9. Nc3 Bg4 10. Nd2 O-O 11. h3 Be6 12. O-O-O Nd7 13. f4 f5 14. exf5
gxf5 15. Rhe1 Qf6 16. Nf3 Nb6 17. Ne5 Rad8 18. Qf2 Kh8 19. Rd3 a6 20. g3 Bg8
21. Qc5 Rfe8 22. Rde3 Qf8 23. Nd3 Rxe3 24. Rxe3 Nc4 25. Re1 Qf6 26. Qe7 Qxe7
27. Rxe7 Rf8 28. Rxc7 Rf7 29. Rxf7 Bxf7 30. Ne5 Be6 31. Nxc4 Bxc4 32. Kd2 Bf1
33. h4 Kg7 34. Ke3 Kg6 35. Na4 Kh5 36. Nc5 b6 37. Nd7 b5 38. Nb8 Kg4 39. Kf2
Bc4 40. a3 a5 41. Nxc6 a4 42. Ne5+ Kh3 43. h5 Bd5 44. h6 Be4 45. Nd7 1-0

[Event "Andorra op"]
[Site "Erts - La Massana"]
[Date "2013.07.26"]
[Round "7.11"]
[White "Narciso Dublan, M."]
[Black "Barbot, P."]
[Result "1-0"]
[WhiteElo "2536"]
[BlackElo "2355"]
[PlyCount "85"]
[EventDate "2013.??.??"]
[EventType "swiss"]
[EventRounds "9"]

1. e4 c5 2. Nc3 Nc6 3. g3 g6 4. Bg2 Bg7 5. d3 d6 6. Be3 e6 7. Qd2 Rb8 8. Nge2
Nd4 9. O-O b5 10. Nc1 b4 11. Nd1 Ne7 12. c3 bxc3 13. bxc3 Ndc6 14. Bh6 O-O 15.
Bxg7 Kxg7 16. Ne3 Qa5 17. f4 f5 18. exf5 exf5 19. Nb3 Qd8 20. d4 c4 21. d5 cxb3
22. dxc6 b2 23. Qd4+ Kg8 24. Rab1 Be6 25. Qxa7 Qb6 26. Qxb6 Rxb6 27. Rf2 Rfb8
28. c7 Rc8 29. Rfxb2 Rxb2 30. Rxb2 Rxc7 31. c4 Rc5 32. Rb5 Rc8 33. Rb4 Rc5 34.
a4 Ra5 35. Kf2 Kf8 36. Nd1 d5 37. cxd5 Nxd5 38. Rb5 Rxb5 39. axb5 Nb6 40. Ke3
Ke7 41. Kd4 Kd6 42. Ne3 h6 43. h4 1-0

[Event "Andorra op"]
[Site "Erts - La Massana"]
[Date "2013.07.26"]
[Round "7.12"]
[White "Hamitevici, V."]
[Black "Devereaux, ML."]
[Result "1/2-1/2"]
[WhiteElo "2482"]
[BlackElo "2356"]
[PlyCount "117"]
[EventDate "2013.??.??"]
[EventType "swiss"]
[EventRounds "9"]

1. e4 c5 2. Nf3 g6 3. c3 Bg7 4. Bc4 Nc6 5. O-O Na5 6. Be2 Nf6 7. e5 Nd5 8. d4
cxd4 9. Qxd4 Nc7 10. Qh4 h6 11. Re1 Nc6 12. Qg3 Ne6 13. Na3 a6 14. Nc4 b5 15.
Ne3 Bb7 16. Nd5 Ncd4 17. Nxd4 Bxd5 18. Nxe6 Bxe6 19. Bg4 Bxg4 20. Qxg4 O-O 21.
Bf4 Rc8 22. Qh3 g5 23. Bg3 Rc4 24. Rad1 e6 25. Qh5 b4 26. Qe2 Qc8 27. cxb4 Rxb4
28. Rd6 Qb7 29. b3 a5 30. Qd1 Rd8 31. Re3 Bf8 32. Rd2 a4 33. Red3 axb3 34. axb3
Qb5 35. h3 Bg7 36. Re3 Qb7 37. Kh2 Qb8 38. Rdd3 Qb7 39. Qh5 Re4 40. Qf3 Rb4 41.
Qh5 Re4 42. h4 g4 43. f3 gxf3 44. Rxf3 Rf8 45. Kh3 Qb5 46. Rde3 Rxe3 47. Rxe3
f5 48. Qf3 Kh7 49. Bf4 Rc8 50. Kh2 Rg8 51. Qh5 Qb4 52. Rf3 Qe4 53. Qf7 Kh8 54.
Qh5 Kh7 55. Qf7 Kh8 56. Qg6 Bf8 57. Qf6+ Bg7 58. Qg6 Bf8 59. Qf6+ 1/2-1/2

[Event "Andorra op"]
[Site "Erts - La Massana"]
[Date "2013.07.26"]
[Round "7.13"]
[White "Cuenca Jimenez, JF."]
[Black "Burg, T."]
[Result "0-1"]
[WhiteElo "2186"]
[BlackElo "2479"]
[PlyCount "108"]
[EventDate "2013.??.??"]
[EventType "swiss"]
[EventRounds "9"]

1. c4 e5 2. g3 Nf6 3. Bg2 Nc6 4. Nc3 Bc5 5. e3 d6 6. Nge2 a6 7. O-O O-O 8. d4
Ba7 9. h3 Re8 10. d5 Ne7 11. e4 Bd7 12. a4 c6 13. dxc6 Bxc6 14. b4 Qc7 15. Bg5
Bd7 16. Rc1 Kh8 17. Bxf6 gxf6 18. g4 Rac8 19. Qd3 Qxc4 20. Qxd6 Be6 21. Rfd1
Rc6 22. Qd3 Qxd3 23. Rxd3 Bc4 24. Rd7 Rb6 25. b5 axb5 26. Nxb5 Be6 27. Rxe7
Rxe7 28. Nxa7 Ra6 29. Nb5 Rxa4 30. Nbc3 Ra3 31. Nd5 Rd7 32. Rb1 Kg7 33. Ng3 Kg6
34. Nf1 Kg5 35. Nfe3 Ra5 36. Kh2 Rc5 37. Ra1 Rd8 38. Kg3 Rb8 39. Rb1 b5 40. Rb4
Kg6 41. Bf1 Bd7 42. Nd1 Ra8 43. Rb3 Ra1 44. Be2 Rc2 45. Bf3 Rd2 46. N5c3 Rd3
47. Nb2 Rb1 48. Nxd3 Rxb3 49. Nc5 Rxc3 50. Nxd7 b4 51. Nb6 b3 52. Nd5 Rd3 53.
Nb4 Rxf3+ 54. Kxf3 b2 0-1

[Event "Andorra op"]
[Site "Erts - La Massana"]
[Date "2013.07.26"]
[Round "7.14"]
[White "Wegerle, J."]
[Black "Berry, N."]
[Result "1-0"]
[WhiteElo "2445"]
[BlackElo "2247"]
[PlyCount "79"]
[EventDate "2013.??.??"]
[EventType "swiss"]
[EventRounds "9"]

1. c4 e6 2. g3 d5 3. Nf3 Nf6 4. b3 a5 5. Bg2 a4 6. Bb2 Be7 7. O-O O-O 8. d3 c6
9. Nbd2 a3 10. Bc3 b5 11. Rc1 Bb7 12. e3 Nbd7 13. Qe2 bxc4 14. dxc4 Ba6 15.
Rfd1 Qb6 16. Ne5 Nxe5 17. Bxe5 Nd7 18. Bd4 c5 19. Ba1 Bf6 20. Bxf6 Nxf6 21. Qd3
Rfc8 22. e4 Ra7 23. exd5 exd5 24. Bxd5 Rd7 25. Qf3 Rcd8 26. Ne4 Nxe4 27. Qxe4
Bb7 28. Rd3 Bxd5 29. cxd5 g6 30. Qc4 Qb4 31. Qxc5 Qe4 32. Rcd1 h5 33. h4 Kg7
34. Qd4+ Qxd4 35. Rxd4 Kf6 36. Ra4 Rxd5 37. Rxd5 Rxd5 38. Rxa3 Kf5 39. b4 Ke4
40. Rb3 1-0

[Event "Andorra op"]
[Site "Erts - La Massana"]
[Date "2013.07.26"]
[Round "7.15"]
[White "Green, AD."]
[Black "Kjartansson, G."]
[Result "0-1"]
[WhiteElo "2160"]
[BlackElo "2444"]
[PlyCount "58"]
[EventDate "2013.??.??"]
[EventType "swiss"]
[EventRounds "9"]

1. e4 c6 2. d4 d5 3. e5 Bf5 4. Nd2 e6 5. Nb3 Nd7 6. Nf3 Ne7 7. Be2 Qc7 8. O-O
f6 9. exf6 gxf6 10. c4 O-O-O 11. Re1 Rg8 12. a4 Ng6 13. a5 a6 14. cxd5 exd5 15.
Qd2 Be4 16. g3 h5 17. Qc3 h4 18. Nbd2 Bd6 19. Nf1 Rde8 20. Bd2 f5 21. Ng5 hxg3
22. fxg3 Nf6 23. b4 f4 24. Rac1 fxg3 25. hxg3 Nf4 26. Bxa6 Rxg5 27. Qxc6 Nh3+
28. Kh2 Ng4+ 29. Kxh3 Rh8# 0-1

[Event "Andorra op"]
[Site "Erts - La Massana"]
[Date "2013.07.26"]
[Round "7.16"]
[White "Camacho Collados, M."]
[Black "Lyell, M."]
[Result "1-0"]
[WhiteElo "2421"]
[BlackElo "2228"]
[PlyCount "108"]
[EventDate "2013.??.??"]
[EventType "swiss"]
[EventRounds "9"]

1. e4 c6 2. d4 d5 3. exd5 cxd5 4. Bd3 Nc6 5. c3 Qc7 6. h3 Nf6 7. Ne2 e5 8. dxe5
Nxe5 9. Bc2 Bd6 10. Nd4 a6 11. O-O O-O 12. Nf5 Bxf5 13. Bxf5 h6 14. Nd2 Rad8
15. Nb3 Rfe8 16. Re1 Nc4 17. Rxe8+ Rxe8 18. Bc2 Qe7 19. g3 Ne4 20. Bd3 Qf6 21.
Qf1 h5 22. h4 Ne5 23. Be2 Nf3+ 24. Bxf3 Qxf3 25. Nd4 Qg4 26. Qe2 Qg6 27. Qd3
Qf6 28. Be3 g6 29. Kg2 Be5 30. Rd1 Rd8 31. Nf3 Bc7 32. Bd4 Qf5 33. Qe3 Kh7 34.
Re1 Qg4 35. c4 Re8 36. Nh2 Qd7 37. c5 Nf6 38. Qd2 Ne4 39. Qe3 Nf6 40. Qc1 Rxe1
41. Qxe1 Qf5 42. Nf3 Ne4 43. Qb4 g5 44. hxg5 Qg4 45. Qe1 h4 46. Nxh4 Nxg5 47.
Qb1+ Kg8 48. Qf5 Qe4+ 49. f3 Qe2+ 50. Bf2 Ne6 51. Qg4+ Kf8 52. Qb4 Be5 53. c6+
Kg7 54. cxb7 Qb5 1-0

[Event "Andorra op"]
[Site "Erts - La Massana"]
[Date "2013.07.26"]
[Round "7.17"]
[White "Jerez Perez, A."]
[Black "Sanchez Jerez, EM."]
[Result "0-1"]
[WhiteElo "2393"]
[BlackElo "2215"]
[PlyCount "112"]
[EventDate "2013.??.??"]
[EventType "swiss"]
[EventRounds "9"]

1. e4 c5 2. Nf3 e6 3. c3 Nf6 4. e5 Nd5 5. d4 cxd4 6. cxd4 d6 7. Bc4 Nc6 8. O-O
Be7 9. Qe2 O-O 10. Qe4 Qc7 11. Bg5 dxe5 12. Bxe7 Ncxe7 13. dxe5 Bd7 14. Nbd2
Bc6 15. Nd4 Ng6 16. Nxc6 Qxc6 17. Bxd5 exd5 18. Qd4 f6 19. exf6 Rxf6 20. f4 Re8
21. Rac1 Qb6 22. Qxb6 Rxb6 23. Nb3 Re2 24. Rb1 Ra6 25. g3 Ne7 26. Rfe1 Rxe1+
27. Rxe1 Kf7 28. Nc1 Rc6 29. Nd3 Rc2 30. Rf1 Rd2 31. Ne5+ Ke6 32. Rf2 Rd1+ 33.
Rf1 Rd2 34. Rf2 Rd1+ 35. Rf1 Rxf1+ 36. Kxf1 d4 37. Ke2 Nc6 38. Nf3 Kd5 39. Nd2
b5 40. a3 a5 41. b3 a4 42. bxa4 bxa4 43. Kd3 Na5 44. Nf3 Nb3 45. f5 Nc5+ 46.
Kd2 Ke4 47. Ng5+ Kxf5 48. Nxh7 Ne6 49. Kd3 Kg4 50. Ke4 Kh3 51. Kf3 Kxh2 52. Kf2
d3 53. g4 Kh3 54. g5 Kh4 55. Ke3 Nc5 56. g6 Ne6 0-1

[Event "Andorra op"]
[Site "Erts - La Massana"]
[Date "2013.07.26"]
[Round "7.18"]
[White "Massoni, M."]
[Black "Guyader, T."]
[Result "1-0"]
[WhiteElo "2373"]
[BlackElo "2119"]
[PlyCount "65"]
[EventDate "2013.??.??"]
[EventType "swiss"]
[EventRounds "9"]

1. d4 Nf6 2. c4 g6 3. Nc3 Bg7 4. e4 d6 5. Nge2 O-O 6. Ng3 e5 7. d5 a5 8. Be2
Na6 9. h4 c6 10. h5 cxd5 11. exd5 Nc5 12. Bg5 Qb6 13. Qd2 Ng4 14. f3 f6 15. h6
Bh8 16. Bh4 Nf2 17. Rf1 e4 18. Rxf2 Nd3+ 19. Bxd3 e3 20. Qe2 exf2+ 21. Kf1 f5
22. Bg5 Bd7 23. Be3 Bd4 24. Bxf2 Rae8 25. Qd2 Re5 26. f4 Re7 27. Rd1 Rfe8 28.
Bxd4 Qxd4 29. Qf2 Qf6 30. Nge2 Re3 31. c5 dxc5 32. d6 Kh8 33. Nd5 1-0

[Event "Andorra op"]
[Site "Erts - La Massana"]
[Date "2013.07.26"]
[Round "7.19"]
[White "Bremner, A."]
[Black "Guerra Tulcan, L."]
[Result "0-1"]
[WhiteElo "2228"]
[BlackElo "2372"]
[PlyCount "44"]
[EventDate "2013.??.??"]
[EventType "swiss"]
[EventRounds "9"]

1. d4 Nf6 2. c4 e6 3. Nc3 d5 4. cxd5 exd5 5. Bg5 Be7 6. e3 O-O 7. Bd3 c6 8. Qc2
Nbd7 9. Nf3 Re8 10. h3 Nf8 11. Bf4 Ne6 12. Bh2 g6 13. O-O-O Qa5 14. Kb1 Ng7 15.
g4 b5 16. e4 b4 17. g5 bxc3 18. gxf6 dxe4 19. Qxc3 Qxc3 20. bxc3 Bxf6 21. Be2
exf3 22. Bxf3 Bf5+ 0-1

[Event "Andorra op"]
[Site "Erts - La Massana"]
[Date "2013.07.26"]
[Round "7.20"]
[White "Midonet, M."]
[Black "Midoux, S."]
[Result "0-1"]
[WhiteElo "2157"]
[BlackElo "2329"]
[PlyCount "52"]
[EventDate "2013.??.??"]
[EventType "swiss"]
[EventRounds "9"]

1. e4 c5 2. b3 Nc6 3. Bb2 e5 4. Bc4 Nf6 5. Nc3 Be7 6. d3 d6 7. Nge2 a6 8. a4
O-O 9. O-O Rb8 10. f4 Ng4 11. Qd2 exf4 12. Nxf4 Bf6 13. Kh1 Bd4 14. Nd1 Bxb2
15. Nxb2 Qg5 16. Bd5 Nb4 17. Nc4 Qh6 18. h3 b5 19. axb5 axb5 20. Na5 Bd7 21.
Qe2 Nf6 22. c3 Nbxd5 23. Nxd5 Nxd5 24. exd5 Rbe8 25. Qf2 Re3 26. Nc6 Bxh3 0-1

[Event "Andorra op"]
[Site "Erts - La Massana"]
[Date "2013.07.28"]
[Round "9.1"]
[White "Vazquez Igarza, R."]
[Black "Iturrizaga Bonelli, E."]
[Result "1/2-1/2"]
[WhiteElo "2571"]
[BlackElo "2643"]
[PlyCount "20"]
[EventDate "2013.??.??"]
[EventType "swiss"]
[EventRounds "9"]

1. d4 Nf6 2. c4 e6 3. Nf3 b6 4. g3 Bb7 5. Bg2 Be7 6. Nc3 O-O 7. O-O Ne4 8. Nxe4
Bxe4 9. Nh4 Bxg2 10. Nxg2 d5 1/2-1/2

[Event "Andorra op"]
[Site "Erts - La Massana"]
[Date "2013.07.28"]
[Round "9.2"]
[White "Narciso Dublan, M."]
[Black "Rodshtein, M."]
[Result "1/2-1/2"]
[WhiteElo "2536"]
[BlackElo "2641"]
[PlyCount "108"]
[EventDate "2013.??.??"]
[EventType "swiss"]
[EventRounds "9"]

1. e4 c5 2. Nc3 Nc6 3. g3 g6 4. Bg2 Bg7 5. d3 d6 6. Be3 Rb8 7. Qd2 b5 8. Nge2
h5 9. h3 b4 10. Nd1 e5 11. a3 b3 12. c3 Nd4 13. cxd4 cxd4 14. O-O dxe3 15. Qxe3
Qa5 16. Ndc3 Ne7 17. Rac1 Bd7 18. d4 Qb6 19. Rfd1 exd4 20. Nxd4 O-O 21. Rd3 a5
22. Rcd1 a4 23. Qg5 Rfe8 24. Nf3 d5 25. e5 Rbc8 26. Qf4 Bf5 27. Nxd5 Nxd5 28.
Rxd5 Be6 29. Rd6 Qa5 30. R6d4 Rc2 31. Rxa4 Qc5 32. Qd4 Qxd4 33. Nxd4 Rd8 34.
Ra8 Rxa8 35. Bxa8 Bxe5 36. Nxe6 fxe6 37. Be4 Rxb2 38. Rb1 Rxb1+ 39. Bxb1 g5 40.
Kf1 Kf7 41. Ke2 Bd4 42. a4 Bb6 43. f4 gxf4 44. gxf4 h4 45. Kd3 Bc7 46. Kc3 Bxf4
47. Kxb3 Ke7 48. Kc4 Kd6 49. Kd4 Bd2 50. Ba2 Be1 51. Ke4 e5 52. Bc4 Kc5 53. Be2
Kb4 54. Kxe5 Kxa4 1/2-1/2

[Event "Andorra op"]
[Site "Erts - La Massana"]
[Date "2013.07.28"]
[Round "9.3"]
[White "Vovk, A."]
[Black "Gaudineau, E."]
[Result "1-0"]
[WhiteElo "2567"]
[BlackElo "2358"]
[PlyCount "114"]
[EventDate "2013.??.??"]
[EventType "swiss"]
[EventRounds "9"]

1. e4 e5 2. Nf3 Nc6 3. Bb5 a6 4. Ba4 Nf6 5. O-O b5 6. Bb3 Bc5 7. a4 Rb8 8. c3
d6 9. d4 Bb6 10. axb5 axb5 11. Qd3 O-O 12. Bg5 h6 13. Bxf6 Qxf6 14. Qxb5 Na5
15. Bc2 c6 16. Qe2 Bg4 17. Nbd2 c5 18. d5 c4 19. h3 Bh5 20. Ra2 Rfc8 21. Rfa1
Nb3 22. Bxb3 cxb3 23. Ra3 Qf4 24. Kh1 Bc5 25. Ra4 g5 26. g3 Qf6 27. Kg2 g4 28.
hxg4 Bxg4 29. Qe1 Kh7 30. Nh4 Rg8 31. Nf5 Bxf5 32. exf5 Qxf5 33. Qe4 Qxe4+ 34.
Nxe4 Rgc8 35. Ra6 Rd8 36. R1a5 Bb6 37. Rb5 f5 38. Raxb6 Rxb6 39. Rxb6 fxe4 40.
Rxb3 Kg6 41. Kf1 e3 42. fxe3 Kf5 43. Rb4 e4 44. c4 Rc8 45. b3 h5 46. Kg2 Rf8
47. Rb7 Ra8 48. Rf7+ Ke5 49. Rh7 Ra2+ 50. Kh3 Re2 51. Rxh5+ Kf6 52. Rh6+ Kf5
53. Rxd6 Rxe3 54. b4 Rb3 55. b5 Rb4 56. Rc6 Ke5 57. Kg4 e3 1-0

[Event "Andorra op"]
[Site "Erts - La Massana"]
[Date "2013.07.28"]
[Round "9.4"]
[White "Norwood, DR."]
[Black "Felgaer Ziegler, R."]
[Result "1-0"]
[WhiteElo "2491"]
[BlackElo "2586"]
[PlyCount "89"]
[EventDate "2013.??.??"]
[EventType "swiss"]
[EventRounds "9"]

1. c4 g6 2. g3 Bg7 3. Bg2 d6 4. Nc3 e5 5. e4 Nc6 6. Nge2 Nge7 7. d3 O-O 8. O-O
f5 9. Nd5 Nxd5 10. cxd5 Ne7 11. Be3 c5 12. dxc6 bxc6 13. Qb3+ Kh8 14. Rac1 fxe4
15. dxe4 Ba6 16. Rfe1 c5 17. Qa4 Bb7 18. Red1 Bc6 19. Qa3 Qb8 20. Rd2 a5 21.
Rcd1 Nc8 22. Nc3 Qb7 23. Bh3 Qb4 24. Bxc8 Qxa3 25. bxa3 Rfxc8 26. Rxd6 c4 27.
Re6 Bf8 28. Rb1 Kg8 29. Rb6 Bd7 30. Rxe5 Bg7 31. Rd5 Bc6 32. Rd6 Bxc3 33. Rdxc6
Bg7 34. Ra6 c3 35. Rxa8 Rxa8 36. f4 Rb8 37. e5 Rb1+ 38. Kf2 Rb2+ 39. Kf3 Bf8
40. Rxc3 Rxa2 41. Rc8 Rxa3 42. Ke4 Kg7 43. Rc7+ Kg8 44. e6 Bb4 45. Bd4 1-0

[Event "Andorra op"]
[Site "Erts - La Massana"]
[Date "2013.07.28"]
[Round "9.5"]
[White "Steingrimsson, H."]
[Black "Sachdev, T."]
[Result "1/2-1/2"]
[WhiteElo "2557"]
[BlackElo "2430"]
[PlyCount "104"]
[EventDate "2013.??.??"]
[EventType "swiss"]
[EventRounds "9"]

1. d4 d5 2. c4 e6 3. Nc3 Be7 4. Bf4 Nf6 5. e3 O-O 6. a3 c5 7. dxc5 Bxc5 8. Nf3
Nc6 9. Qc2 Qa5 10. Rd1 Be7 11. Be2 dxc4 12. Bxc4 e5 13. Bg3 Bg4 14. O-O Rad8
15. h3 Bh5 16. Nd5 Bxf3 17. gxf3 b5 18. Bb3 Qa6 19. Qe2 Nxd5 20. Rxd5 Rb8 21.
a4 Qc8 22. axb5 Na5 23. Ba2 Qxh3 24. Rfd1 Bf6 25. b4 Nb7 26. Bxe5 Bxe5 27. Rxe5
Nd8 28. Rd6 Rb6 29. Rxb6 axb6 30. f4 Qc8 31. Bd5 Nb7 32. Kh2 Nd6 33. Bc6 Ne8
34. e4 Nf6 35. Rg5 Rd8 36. Rg3 Qe6 37. Rd3 Rxd3 38. Qxd3 Qe7 39. Kg1 g6 40. Qe3
Qxb4 41. Qxb6 Ng4 42. Qd8+ Kg7 43. Qd1 h5 44. Qe2 Qc3 45. Kg2 Qd4 46. Bb7 Kf8
47. Qc2 Kg7 48. Qe2 Kf8 49. Qf3 Qc5 50. Bc6 Ke7 51. Qe2 Qd4 52. Bb7 Kf8 1/2-1/2

[Event "Andorra op"]
[Site "Erts - La Massana"]
[Date "2013.07.28"]
[Round "9.7"]
[White "Hamitevici, V."]
[Black "Arizmendi Martinez, JL."]
[Result "1-0"]
[WhiteElo "2482"]
[BlackElo "2580"]
[PlyCount "111"]
[EventDate "2013.??.??"]
[EventType "swiss"]
[EventRounds "9"]

1. e4 e6 2. d4 d5 3. Nd2 h6 4. Ngf3 Nf6 5. e5 Nfd7 6. Bd3 c5 7. c3 Nc6 8. O-O
g5 9. dxc5 Bxc5 10. Nb3 Bf8 11. Re1 Bg7 12. Nbd4 a6 13. Qa4 Qa5 14. Bc2 Qxa4
15. Bxa4 g4 16. Nxc6 gxf3 17. Nd4 b5 18. Bc2 Nxe5 19. a4 bxa4 20. gxf3 Bd7 21.
f4 Nc4 22. Nf5 Bf6 23. Bxa4 Bxa4 24. Rxa4 Kd7 25. Ne3 Nb6 26. Ra5 Kc6 27. f5 e5
28. Nc2 Rhg8+ 29. Kf1 Kb7 30. Be3 Rgd8 31. Bxb6 Kxb6 32. Rea1 d4 33. Nb4 Kb7
34. Nxa6 Kb6 35. c4 d3 36. Rb5+ Kc6 37. Nb4+ Kc7 38. Rxa8 Rxa8 39. Nxd3 e4 40.
Nb4 Bd4 41. Nc2 Bf6 42. Ne3 Bd4 43. Nc2 Bf6 44. Ne3 Bd4 45. b4 Ra2 46. Rd5 Bxe3
47. fxe3 Rxh2 48. Re5 Rb2 49. b5 Kd6 50. Rxe4 h5 51. Re8 h4 52. Rh8 Ke5 53.
Rxh4 Kxf5 54. Ke1 Ke5 55. Rd4 f5 56. Kd1 1-0

[Event "Andorra op"]
[Site "Erts - La Massana"]
[Date "2013.07.28"]
[Round "9.12"]
[White "Massoni, M."]
[Black "Burg, T."]
[Result "1-0"]
[WhiteElo "2373"]
[BlackElo "2479"]
[PlyCount "73"]
[EventDate "2013.??.??"]
[EventType "swiss"]
[EventRounds "9"]

1. e4 c5 2. Nf3 d6 3. d4 cxd4 4. Nxd4 Nf6 5. Nc3 Nbd7 6. f4 a6 7. Be2 e6 8. O-O
b5 9. Bf3 Bb7 10. Re1 Be7 11. a3 Rc8 12. Kh1 Qc7 13. Be3 O-O 14. Bf2 Rfe8 15.
Bg3 e5 16. fxe5 dxe5 17. Nd5 Nxd5 18. exd5 Bd6 19. Nf5 g6 20. Nh6+ Kg7 21. Qd2
Qxc2 22. Qg5 f6 23. Qh4 Rc4 24. Qh3 f5 25. b3 Rc3 26. Be4 Qd2 27. Nxf5+ gxf5
28. Qxf5 Nf6 29. Bh4 Nxe4 30. Rxe4 Rc1+ 31. Rxc1 Qxc1+ 32. Re1 Qxe1+ 33. Bxe1
Rf8 34. Qg5+ Kh8 35. h4 Bxd5 36. Bc3 Bxg2+ 37. Qxg2 1-0

[Event "Andorra op"]
[Site "Erts - La Massana"]
[Date "2013.07.28"]
[Round "9.13"]
[White "Demuth, A."]
[Black "Sahl, SB."]
[Result "1-0"]
[WhiteElo "2463"]
[BlackElo "2229"]
[PlyCount "91"]
[EventDate "2013.??.??"]
[EventType "swiss"]
[EventRounds "9"]

1. Nf3 Nf6 2. g3 d5 3. Bg2 e6 4. O-O Be7 5. c4 O-O 6. b3 Ne4 7. Bb2 Bf6 8. Ne5
Bxe5 9. Bxe5 f5 10. d3 Nf6 11. Bb2 c6 12. Nd2 Qb6 13. Qc2 Nbd7 14. Rac1 Ng4 15.
Nf3 Ndf6 16. h3 Nh6 17. Bd4 Qd8 18. Rcd1 b6 19. e4 Bb7 20. Rfe1 fxe4 21. Ng5
Nf5 22. dxe4 Nxd4 23. Rxd4 e5 24. Rdd1 d4 25. Ne6 Qe7 26. Nxf8 Rxf8 27. Qd2 c5
28. Re2 h6 29. Rf1 Nh5 30. Kh2 g5 31. h4 Qg7 32. hxg5 hxg5 33. Rh1 Qg6 34. Kg1
Kg7 35. Qd3 Nf6 36. a3 a5 37. Kf1 Bc6 38. Ke1 a4 39. bxa4 Ra8 40. Qb1 Nd7 41.
f3 Rxa4 42. Bh3 Qh5 43. Kf2 Rxa3 44. Bg4 Qf7 45. Qc1 Qf6 46. Qxa3 1-0

[Event "Andorra op"]
[Site "Erts - La Massana"]
[Date "2013.07.28"]
[Round "9.14"]
[White "Wegerle, J."]
[Black "Peray, S."]
[Result "1-0"]
[WhiteElo "2445"]
[BlackElo "2218"]
[PlyCount "65"]
[EventDate "2013.??.??"]
[EventType "swiss"]
[EventRounds "9"]

1. g3 e5 2. c4 Nc6 3. Bg2 g6 4. Nc3 Bg7 5. d3 Nge7 6. e4 d6 7. Nge2 Be6 8. Nd5
Nd4 9. Nxd4 exd4 10. Bg5 Bxd5 11. cxd5 h6 12. Qa4+ Kf8 13. Bd2 c6 14. dxc6 Nxc6
15. f4 Kg8 16. h4 Kh7 17. h5 Qe7 18. hxg6+ fxg6 19. O-O-O b5 20. Qb3 a5 21. Kb1
b4 22. Rc1 Ra6 23. Qd5 Nd8 24. f5 g5 25. Bf3 Bf6 26. Bh5 Kg7 27. Rc8 Nb7 28.
Rxh8 Kxh8 29. Be8 Qg7 30. Bb5 Ra7 31. Bc4 Qf8 32. Be1 Nc5 33. Bf2 1-0

[Event "Andorra op"]
[Site "Erts - La Massana"]
[Date "2013.07.28"]
[Round "9.15"]
[White "Macias Murillo, B."]
[Black "Kjartansson, G."]
[Result "1-0"]
[WhiteElo "2298"]
[BlackElo "2444"]
[PlyCount "77"]
[EventDate "2013.??.??"]
[EventType "swiss"]
[EventRounds "9"]

1. d4 Nf6 2. Nf3 b6 3. e3 Bb7 4. Bd3 e6 5. Nbd2 d5 6. O-O Nbd7 7. c3 Ne4 8. Ne5
Nxe5 9. dxe5 Nc5 10. Be2 g6 11. f4 Bg7 12. b4 Nd7 13. Nf3 O-O 14. Bd2 Qe7 15.
Be1 Rfc8 16. Bh4 Qe8 17. Qd2 a6 18. a4 c6 19. Rfb1 Rc7 20. Bd3 Bf8 21. Qe2 Qc8
22. Be1 Ra7 23. h4 a5 24. h5 axb4 25. cxb4 Qa8 26. Ng5 Bh6 27. Qg4 Nf8 28. Qh4
Bg7 29. h6 Bh8 30. Nh3 f6 31. exf6 Rf7 32. Bc3 Nd7 33. Ng5 Bxf6 34. Bxg6 hxg6
35. h7+ Kg7 36. Nxf7 d4 37. h8=Q+ Qxh8 38. Qxh8+ Kxf7 39. Qh7+ 1-0

[Event "Andorra op"]
[Site "Erts - La Massana"]
[Date "2013.07.28"]
[Round "9.17"]
[White "Lyell, M."]
[Black "Berkovich, MA."]
[Result "0-1"]
[WhiteElo "2228"]
[BlackElo "2375"]
[PlyCount "70"]
[EventDate "2013.??.??"]
[EventType "swiss"]
[EventRounds "9"]

1. e4 e5 2. Nf3 Nc6 3. Bc4 Nf6 4. Ng5 d5 5. exd5 Na5 6. Bb5+ c6 7. dxc6 bxc6 8.
Qf3 Rb8 9. Bd3 Bd6 10. O-O Bg4 11. Qg3 e4 12. Qe3 O-O 13. Nxe4 Re8 14. Qg5 Rxe4
15. Bxe4 Rb5 16. d3 Rxg5 17. Bxg5 h6 18. Bxf6 Qxf6 19. Nc3 Be5 20. Rab1 Nb7 21.
g3 Nc5 22. Bg2 Bf3 23. Ne4 Nxe4 24. dxe4 Bxg2 25. Kxg2 Bxb2 26. f3 Bd4 27. Rfd1
Bb6 28. Rb3 h5 29. a4 Qe5 30. Rbd3 Qc5 31. R1d2 g5 32. Kh3 Qg1 33. Rd1 Qf2 34.
c4 Be3 35. Rd8+ Kg7 0-1

[Event "Andorra op"]
[Site "Erts - La Massana"]
[Date "2013.07.28"]
[Round "9.18"]
[White "Morros Faura, R."]
[Black "Guerra Tulcan, L."]
[Result "0-1"]
[WhiteElo "2183"]
[BlackElo "2372"]
[PlyCount "76"]
[EventDate "2013.??.??"]
[EventType "swiss"]
[EventRounds "9"]

1. d4 Nf6 2. Bf4 e6 3. e3 c5 4. c3 Be7 5. h3 a6 6. a4 b6 7. Nf3 Bb7 8. Nbd2
cxd4 9. exd4 d6 10. Bd3 O-O 11. O-O Re8 12. Re1 Nbd7 13. Qc2 h6 14. Re2 Rc8 15.
Bh2 Nf8 16. Ne1 Qd7 17. f4 Nd5 18. Qb3 Bc6 19. Nef3 b5 20. a5 Nf6 21. g4 Bd5
22. Qd1 Qb7 23. Kf2 Ng6 24. Qg1 Nh7 25. Qg3 e5 26. fxe5 dxe5 27. Bxg6 fxg6 28.
Nxe5 Bd6 29. Qd3 Ng5 30. Kg1 Bxe5 31. Bxe5 Bc4 32. Nxc4 bxc4 33. Qxg6 Rf8 34.
Kh2 Rf3 35. d5 Rxh3+ 36. Kg1 Nf3+ 37. Kf2 Nxe5 38. Rxe5 Qxb2+ 0-1

[Event "Andorra op"]
[Site "Erts - La Massana"]
[Date "2013.07.28"]
[Round "9.19"]
[White "Garcia Paolicchi, R."]
[Black "Devereaux, ML."]
[Result "0-1"]
[WhiteElo "2216"]
[BlackElo "2356"]
[PlyCount "72"]
[EventDate "2013.??.??"]
[EventType "swiss"]
[EventRounds "9"]

1. d4 Nf6 2. Nf3 e6 3. e3 d5 4. c4 a6 5. b3 b6 6. Bd3 Bb7 7. O-O c5 8. Bb2 Be7
9. cxd5 exd5 10. Nbd2 Nbd7 11. Rc1 O-O 12. Qe2 Re8 13. Rfd1 Bf8 14. Ne5 Bd6 15.
Nxd7 Nxd7 16. Nf3 Nf8 17. Qc2 Qe7 18. Re1 h6 19. Bf5 Ne6 20. Qb1 Rac8 21. Ne5
cxd4 22. exd4 Rxc1 23. Qxc1 Bb4 24. Rd1 Qf6 25. Bb1 Bd6 26. Qc2 g6 27. Nf3 Nf4
28. Re1 Rxe1+ 29. Nxe1 Qe6 30. Bc3 a5 31. g3 Ne2+ 32. Kf1 Ba6 33. Nd3 Qe4 34.
Bb2 Bb4 35. a3 Qh1+ 36. Kxe2 Qe1+ 0-1